100 Biggest Cities in Czechia - Statistics

General Stats
  • This quiz has been taken 336 times
  • The average score is 41 of 100
Answers on the Map
Answers color-coded by a green-red scale on the quiz's map according to % correct below.
 
Answer Stats
Answer Hint % Correct
Prague 1,301,432
99%
Brno 398,510
97%
Plzeň 174,007
93%
Ostrava 282,450
92%
Liberec 104,340
84%
Olomouc 106,063
83%
České Budějovice 95,664
77%
Pardubice 89,619
77%
Ústí nad Labem 89,713
76%
Zlín 74,178
75%
Hradec Králové 92,649
72%
Jihlava 50,523
72%
Karlovy Vary 44,323
72%
Kladno 67,756
64%
Most 61,306
63%
Opava 55,146
61%
12,783
56%
Cheb 30,161
56%
Chomutov 45,549
55%
Mladá Boleslav 42,536
55%
Teplice 48,428
55%
Frýdek-Místek 53,698
53%
Karviná 48,473
53%
Znojmo 33,736
53%
Jablonec nad Nisou 44,486
51%
Břeclav 24,318
50%
Děčín 46,337
49%
Tábor 33,360
49%
Český Krumlov 12,944
48%
Havířov 68,153
47%
Kolín 31,950
47%
Prostějov 43,666
46%
Kutná Hora 20,162
45%
Třebíč 34,368
44%
Třinec 33,782
44%
Přerov 41,019
43%
Uherské Hradiště 25,019
43%
Benešov 17,035
42%
Hodonín 24,100
42%
Šumperk 25,182
42%
Příbram 31,711
41%
Trutnov 29,054
41%
Česká Lípa 35,890
40%
Český Těšín 23,130
40%
Klatovy 21,579
40%
Mělník 19,588
40%
Sokolov 21,484
40%
Beroun 20,551
39%
Jindřichův Hradec 20,437
39%
Písek 29,609
39%
Kroměříž 28,280
37%
Nymburk 15,510
36%
Chrudim 22,873
35%
Jičín 16,230
35%
Litoměřice 23,432
35%
Litvínov 22,388
35%
Mariánské Lázně 14,225
35%
Vsetín 24,958
34%
Havlíčkův Brod 22,920
33%
Svitavy 16,108
33%
Turnov 14,502
33%
Bruntál 15,244
32%
Náchod 19,061
32%
Bohumín 20,038
31%
Rokycany 14,386
31%
Nový Jičín 22,656
30%
Ústí nad Orlicí 14,098
30%
Valašské Meziříčí 21,709
30%
Varnsdorf 14,716
30%
Žďár nad Sázavou 20,124
30%
Strakonice 21,909
29%
Česká Třebová 15,119
28%
Uherský Brod 16,444
28%
Louny 17,563
27%
Krnov 22,117
26%
Orlová 27,581
26%
Rakovník 15,739
26%
Vyškov 20,304
26%
Blansko 19,900
25%
Otrokovice 17,131
25%
Žatec 18,467
25%
Pelhřimov 16,420
24%
Rožnov pod Radhoštěm 16,151
23%
Poděbrady 15,156
21%
Slaný 16,740
21%
Hranice 17,469
19%
Bílina 14,580
17%
Hlučín 13,421
17%
Jirkov 18,387
17%
Ostrov 15,825
17%
Tachov 14,468
16%
Dvůr Králové nad Labem 15,339
15%
Kopřivnice 21,019
15%
Neratovice 16,217
15%
Říčany 16,955
15%
Klášterec nad Ohří 14,175
14%
Roudnice nad Labem 12,823
14%
Zábřeh 13,444
12%
Šternberk 13,264
10%
Milovice 13,920
9%
No matching quizzes found
Score Distribution
Percent of People with Each Score
Percentile by Number Answered
Your Score History
You have not taken this quiz